| 000 | 00903nam a2200253 a 4500 | ||
|---|---|---|---|
| 001 | 000019468 | ||
| 005 | 20200929170027.0 | ||
| 008 | 100629s2005 sp a 000 0 spa d | ||
| 020 | _a8497647416 | ||
| 040 |
_aDO-SdBNP _bspa _cBNPHU |
||
| 082 |
_a923.1 _bN383A |
||
| 100 | 1 |
_aArmijo Navarro-Reverter, Teresa _941815 |
|
| 245 | 1 | 0 |
_aNefertiti : _bseñora de las dos tierras, ámbito político, social y religioso de su reinado / _cTeresa Armijo Navarro-Reverter. |
| 260 |
_aMadrid : _bEdimat Libros, _c2005. |
||
| 300 |
_a191 p. : _bil. ; _c23 cm. |
||
| 490 | 1 | _aMujeres en la historia | |
| 500 | _aIncluye datos biográficos de la autora en la solapa de la cubierta. | ||
| 504 | _aIncluye referencias bibliográficas ( p. 177) | ||
| 600 | 1 | 4 |
_aNEFERTITI _941816 |
| 651 | 4 |
_aEgipto _xReinas _941817 |
|
| 651 | 4 |
_aEgipto _xHistoria _941798 |
|
| 830 | 0 |
_aMujeres en la historia _941760 |
|
| 049 | _aBNPD | ||
| 999 |
_c18984 _d18984 |
||